Historia del derecho argentino: derecho castellano, derecho indígena, derecho indiano, derecho argentino

Guardat en:
Dades bibliogràfiques
Autor principal: Antokoletz, Daniel (Autor)
Format: Llibre
Idioma:espanyol
Publicat: Buenos Aires La Facultad 1929
Matèries:
Etiquetes: Afegir etiqueta
Sense etiquetes, Sigues el primer a etiquetar aquest registre!

MARC

LEADER 00000nam a2200000 a 4500
001 UCR0170
003 CL-VaPUC
008 971129e19290000AG |||||||||||||||||spa|d
082 0 4 |a 340.098  |b ANT  |2 21 
100 0 |a Antokoletz, Daniel  |e author  |9 395715 
245 1 0 |a Historia del derecho argentino: derecho castellano, derecho indígena, derecho indiano, derecho argentino 
300 |a 242 p 
942 |c BK 
945 |d 19971129 00:00:00  |a cmena 
260 |a Buenos Aires  |b La Facultad  |c 1929 
500 |a Para uso de los estudiantes universitarios de Buenos Aires, Córdoba, La Plata y del Litoral 
650 0 |a Derecho Indiano  |9 256266 
650 0 |a Derecho argentino  |9 385298 
650 0 |a Historia del derecho  |9 255109 
650 0 |a Fuentes del derecho   |9 255162 
650 0 |a Historiografía   |9 257871 
650 0 |a Administración pública   |9 255343 
650 0 |a Derecho público   |9 255910 
650 0 |a Estado y derecho  |9 255403 
650 0 |a Concilio de Trento  |9 318307 
651 0 |a Argentina  |9 254888 
583 |a last modification  |c 20130925 04:58:07  |k Rodrigo Vera 
999 |c 263821  |d 263819 
952 |0 0  |1 0  |4 0  |6 340_098000000000000_ANT_1929  |7 0  |8 DER_HDC  |9 293301  |a BIBDER  |b BIBDER  |d 2019-11-19  |i 1907999  |l 1  |o 340.098 ANT 1929  |p 1907999  |r 2023-01-25  |s 2020-03-16  |w 2019-11-19  |x Ubicación 4to Piso  |y BK  |z Estos recursos deben solicitarse con anticipación  |k DER